El sendero de Cuabre : Ukoble /
Na minha lista:
| Autores principales: | , , , , |
|---|---|
| Formato: | Desconhecido |
| Idioma: | Spanish |
| Assuntos: | |
| Tags: |
Adicionar Tag
Sem tags, seja o primeiro a adicionar uma tag!
|
MARC
| LEADER | 000000000a22000000004500 | ||
|---|---|---|---|
| 001 | 007673 | ||
| 041 | 0 | |a spa | |
| 100 | 1 | |a Barrantes, Claudia | |
| 100 | 1 | |a Bozzoli de Wille, María Eugenia | |
| 100 | 1 | |a Mayorga, Gloria | |
| 100 | 1 | |a Palmer, Paulo | |
| 100 | 1 | |a Segundo Sánchez, Juanita | |
| 245 | 1 | 3 | |a El sendero de Cuabre : |b Ukoble / |c Claudia Barrantes, María Eugenia Bozzoli de Wille, Gloria Mayorga, Paulo Palmer, Juanita Segundo Sánchez. |
| 310 | |a Semestral | ||
| 650 | 4 | |a CUABRE | |
| 650 | 4 | |a TALAMANCA (COSTA RICA) | |
| 650 | 4 | |a HISTORIA | |
| 650 | 4 | |a INDIOS COSTARRICENSES | |
| 650 | 4 | |a RESERVA INDIGENA DE COCLES | |
| 773 | 0 | |d San José, Costa Rica : Editorial de la Universidad de Costa Rica |t Herencia |g volumen 2, número 2 (1990), páginas 65-73 | |
| 942 | |c ARC | ||
| 999 | |c 14559 |d 14559 | ||
